[Event "EU Union-ch 4th"]
[Site "Liverpool"]
[Date "2008.09.16"]
[Round "8"]
[White "Moser, Eva"]
[Black "Redmond, John P"]
[Result "1-0"]
[WhiteElo "2383"]
[BlackElo "2188"]
[PlyCount "61"]
[EventDate "2008.09.09"]
[EventType "swiss"]
[EventRounds "10"]
[EventCountry "ENG"]
[SourceTitle "CBM 126 Extra"]
[Source "ChessBase"]
[SourceDate "2008.11.05"]
[SourceVersion "1"]
[SourceVersionDate "2008.11.05"]
[SourceQuality "1"]

1. d4 e6 2. Nf3 f5 3. Bf4 Nf6 4. e3 b6 5. Nbd2 Bb7 6. h3 Be7 7. g4 Ne4 8. gxf5
exf5 9. Bc4 d5 10. Bb5+ c6 11. Bd3 O-O 12. h4 Nd7 13. Ng5 Nxg5 14. hxg5 g6 15.
Qf3 Rf7 16. O-O-O Nf8 17. Kb1 Qc8 18. c4 Qd7 19. Qg3 Qe6 20. cxd5 cxd5 21. Rc1
Rc8 22. Nf3 Bd8 23. Rxc8 Qxc8 24. Rc1 Qe6 25. Ne5 Rg7 26. Bb5 a6 27. Bc6 Qe7
28. Qf3 Bxc6 29. Rxc6 Qb4 30. Qxd5+ Kh8 31. Qxd8 1-0

[Event "EU Union-ch 4th"]
[Site "Liverpool"]
[Date "2008.09.15"]
[Round "7"]
[White "Hebden, Mark"]
[Black "Moser, Eva"]
[Result "1-0"]
[WhiteElo "2520"]
[BlackElo "2383"]
[PlyCount "37"]
[EventDate "2008.09.09"]
[EventType "swiss"]
[EventRounds "10"]
[EventCountry "ENG"]
[SourceTitle "CBM 126 Extra"]
[Source "ChessBase"]
[SourceDate "2008.11.05"]
[SourceVersion "1"]
[SourceVersionDate "2008.11.05"]
[SourceQuality "1"]

1. d4 Nf6 2. Nf3 d6 3. Nc3 Nbd7 4. e4 e5 5. Bc4 Be7 6. O-O O-O 7. Re1 c6 8. a4
a5 9. h3 h6 10. Be3 Nxe4 11. Nxe4 d5 12. Nxe5 Nxe5 13. dxe5 dxc4 14. Qh5 Qd5
15. Bxh6 gxh6 16. Re3 Kh7 17. Rd1 Qe6 18. Rd6 Bxd6 19. Ng5+ 1-0

[Event "EU Union-ch 4th"]
[Site "Liverpool"]
[Date "2008.09.13"]
[Round "5"]
[White "Fowler, Simon"]
[Black "Moser, Eva"]
[Result "0-1"]
[WhiteElo "2256"]
[BlackElo "2383"]
[PlyCount "112"]
[EventDate "2008.09.09"]
[EventType "swiss"]
[EventRounds "10"]
[EventCountry "ENG"]
[SourceTitle "CBM 126 Extra"]
[Source "ChessBase"]
[SourceDate "2008.11.05"]
[SourceVersion "1"]
[SourceVersionDate "2008.11.05"]
[SourceQuality "1"]

1. e4 e6 2. d4 d5 3. Nc3 Nf6 4. e5 Nfd7 5. f4 c5 6. Nf3 Nc6 7. Be3 Be7 8. Qd2
a6 9. Bd3 b5 10. O-O b4 11. Nd1 a5 12. f5 cxd4 13. fxe6 fxe6 14. Nxd4 Ndxe5 15.
Bb5 Bd7 16. Qe2 Bf6 17. Bxc6 Nxc6 18. Nxc6 Bxc6 19. Qh5+ g6 20. Qg4 Qe7 21. Bh6
Bb5 22. Rf2 Rg8 23. Qf4 Bg7 24. Bg5 Qd7 25. Qh4 Bf8 26. Ne3 Bc5 27. Ng4 Rf8 28.
Nf6+ Rxf6 29. Bxf6 Qa7 30. Re1 Bxf2+ 31. Qxf2 Qxf2+ 32. Kxf2 Kd7 33. g4 Rf8 34.
g5 Rc8 35. c3 Bd3 36. Rd1 Bf5 37. cxb4 axb4 38. Rd4 Rb8 39. Rh4 Kd6 40. Rxh7 e5
41. Re7 Be6 42. Rg7 d4 43. Be7+ Kd5 44. Rxg6 b3 45. axb3 Rxb3 46. Ba3 e4 47.
Ke2 Bg4+ 48. Ke1 Re3+ 49. Kf1 Bh3+ 50. Kf2 Rf3+ 51. Ke1 Rf1+ 52. Ke2 d3+ 53.
Kd2 Rf2+ 54. Ke1 e3 55. Rd6+ Ke4 56. Bb4 Rf1# 0-1

[Event "EU Union-ch 4th"]
[Site "Liverpool"]
[Date "2008.09.10"]
[Round "2"]
[White "Sulskis, Sarunas"]
[Black "Moser, Eva"]
[Result "1/2-1/2"]
[WhiteElo "2562"]
[BlackElo "2383"]
[PlyCount "197"]
[EventDate "2008.09.09"]
[EventType "swiss"]
[EventRounds "10"]
[EventCountry "ENG"]
[SourceTitle "CBM 126 Extra"]
[Source "ChessBase"]
[SourceDate "2008.11.05"]
[SourceVersion "1"]
[SourceVersionDate "2008.11.05"]
[SourceQuality "1"]

1. e4 d6 2. d4 Nf6 3. Bd3 e5 4. c3 d5 5. dxe5 Nxe4 6. Bxe4 dxe4 7. Qxd8+ Kxd8
8. Bf4 Nd7 9. Ne2 Nc5 10. Nc1 a5 11. O-O Ke8 12. Nd2 Be6 13. Be3 Rd8 14. Ncb3
Nxb3 15. Nxb3 a4 16. Nd4 Bc4 17. Rfe1 Bd3 18. b4 h6 19. Rad1 g6 20. a3 c5 21.
Ne2 Bxe2 22. Rxd8+ Kxd8 23. Rxe2 Kc7 24. bxc5 Kc6 25. Rb2 Bxc5 26. Bxc5 Kxc5
27. Rxb7 Rd8 28. Kf1 Rd1+ 29. Ke2 Ra1 30. Rxf7 Kd5 31. Rf6 Kxe5 32. Rxg6 Ra2+
33. Ke3 Rxa3 34. Rc6 Kd5 35. Rc8 Rb3 36. Rd8+ Ke5 37. Rc8 Kd5 38. h4 a3 39. h5
a2 40. Ra8 Rxc3+ 41. Kd2 Rb3 42. Rxa2 Ke5 43. g3 Kf5 44. Ra5+ Kg4 45. Ke2 Rc3
46. Re5 Ra3 47. Rxe4+ Kxh5 48. Re5+ Kg6 49. g4 Rb3 50. f3 Kf6 51. Rd5 Kg6 52.
Kf2 Ra3 53. Rd6+ Kg5 54. Kg3 Rb3 55. Re6 Ra3 56. Re8 Kg6 57. Rd8 Rb3 58. Kf4
Ra3 59. Rd6+ Kg7 60. Ke4 Kh7 61. f4 Rg3 62. Kf5 Rg1 63. Re6 Rg2 64. Re1 Kg7 65.
Re7+ Kg8 66. Ke6 Rxg4 67. f5 Re4+ 68. Kf6 Rf4 69. Rg7+ Kf8 70. Ra7 Kg8 71. Ra8+
Kh7 72. Ke6 Kg7 73. Ra7+ Kf8 74. Kf6 Kg8 75. Rb7 Rf1 76. Rb4 h5 77. Rb7 h4 78.
Rg7+ Kf8 79. Rf7+ Kg8 80. Rg7+ Kf8 81. Rh7 Kg8 82. Rxh4 Rf2 83. Rg4+ Kf8 84.
Kg6 Ke7 85. Rg1 Rf3 86. Re1+ Kf8 87. Ra1 Rf2 88. Ra5 Ke7 89. Ra7+ Kf8 90. Ra6
Rf1 91. Kf6 Kg8 92. Ra8+ Kh7 93. Rf8 Ra1 94. Re8 Rf1 95. Rd8 Rf2 96. Rd1 Kg8
97. Rh1 Rf3 98. Ra1 Rf2 99. Ra5 1/2-1/2

[Event "World Women-ch k.o."]
[Site "Nalchik"]
[Date "2008.08.31"]
[Round "1.5"]
[White "Mkrtchian, Lilit"]
[Black "Moser, Eva"]
[Result "1/2-1/2"]
[WhiteElo "2436"]
[BlackElo "2383"]
[PlyCount "58"]
[EventDate "2008.08.29"]
[EventType "k.o."]
[EventRounds "6"]
[EventCountry "RUS"]
[SourceTitle "CBM 126 Extra"]
[Source "ChessBase"]
[SourceDate "2008.11.05"]
[SourceVersion "1"]
[SourceVersionDate "2008.11.05"]
[SourceQuality "1"]

1. d4 Nf6 2. c4 g6 3. Nf3 Bg7 4. g3 d5 5. cxd5 Nxd5 6. Bg2 Nb6 7. O-O Nc6 8. e3
e5 9. dxe5 Qxd1 10. Rxd1 Nxe5 11. Nd4 O-O 12. Nc3 c6 13. h3 Rd8 14. a4 c5 15.
Ndb5 Rxd1+ 16. Nxd1 Bd7 17. Bxb7 Rb8 18. Bg2 Nxa4 19. Rxa4 Bxb5 20. Rxa7 Be2
21. Nc3 Nf3+ 22. Bxf3 Bxf3 23. Ra1 h5 24. e4 c4 25. Kf1 Bxc3 26. bxc3 Bxe4 27.
Be3 Bd3+ 28. Kg2 Be4+ 29. Kf1 Rb1+ 1/2-1/2

[Event "World Women-ch k.o."]
[Site "Nalchik"]
[Date "2008.08.31"]
[Round "1.4"]
[White "Mkrtchian, Lilit"]
[Black "Moser, Eva"]
[Result "1/2-1/2"]
[WhiteElo "2436"]
[BlackElo "2383"]
[PlyCount "69"]
[EventDate "2008.08.29"]
[EventType "k.o."]
[EventRounds "6"]
[EventCountry "RUS"]
[SourceTitle "CBM 126 Extra"]
[Source "ChessBase"]
[SourceDate "2008.11.05"]
[SourceVersion "1"]
[SourceVersionDate "2008.11.05"]
[SourceQuality "1"]

1. Nf3 d5 2. c4 d4 3. e3 Nc6 4. b4 dxe3 5. fxe3 Nxb4 6. d4 e5 7. a3 Nc6 8. Nc3
Nf6 9. d5 e4 10. Ng5 Ne5 11. Qd4 Nfd7 12. Ngxe4 f5 13. Nf2 Bc5 14. Qd1 O-O 15.
Na4 Bd6 16. Be2 Qh4 17. g3 Qf6 18. Bb2 b6 19. Bd4 Bb7 20. O-O Qh6 21. Nb2 Nc5
22. Qc2 Rae8 23. Nbd3 Nexd3 24. Nxd3 Ne4 25. Nf4 Bc8 26. Bf3 Nc5 27. Bg2 Be5
28. Rae1 Bd7 29. Nd3 Ba4 30. Qc3 Bd6 31. Nf4 Bd7 32. Qc2 Ba4 33. Qc3 Bd7 34.
Qc2 Ba4 35. Qc3 1/2-1/2

[Event "World Women-ch k.o."]
[Site "Nalchik"]
[Date "2008.08.31"]
[Round "1.3"]
[White "Moser, Eva"]
[Black "Mkrtchian, Lilit"]
[Result "1/2-1/2"]
[WhiteElo "2383"]
[BlackElo "2436"]
[PlyCount "108"]
[EventDate "2008.08.29"]
[EventType "k.o."]
[EventRounds "6"]
[EventCountry "RUS"]
[SourceTitle "CBM 126 Extra"]
[Source "ChessBase"]
[SourceDate "2008.11.05"]
[SourceVersion "1"]
[SourceVersionDate "2008.11.05"]
[SourceQuality "1"]

1. d4 Nf6 2. Nf3 e6 3. c4 c5 4. e3 d5 5. Nc3 Nc6 6. a3 a6 7. dxc5 Bxc5 8. b4
Ba7 9. Bb2 O-O 10. Be2 dxc4 11. Bxc4 b5 12. Bb3 Bb7 13. Qe2 Rc8 14. O-O Bb8 15.
Rfd1 Qc7 16. Rac1 Ne5 17. Nxe5 Qxe5 18. f4 Qf5 19. Bc2 Qg4 20. Qf2 e5 21. h3
Qe6 22. f5 Qe7 23. Bb3 e4 24. Ne2 Rxc1 25. Rxc1 Rd8 26. Bd4 Be5 27. Bxe5 Qxe5
28. Qf4 Qxf4 29. Nxf4 Rd7 30. Ne6 h6 31. Nc5 Rc7 32. Rd1 Bc8 33. g4 Nd7 34.
Nxe4 Kf8 35. Nd6 Ne5 36. Nxc8 Rxc8 37. Rd5 f6 38. Rc5 Rd8 39. Bd5 Nd3 40. e4
Nxc5 41. bxc5 Ke7 42. Kf2 Rc8 43. c6 Kd6 44. Kg3 a5 45. Kh4 b4 46. axb4 axb4
47. Kh5 Rxc6 48. Bxc6 Kxc6 49. Kg6 b3 50. Kxg7 b2 51. Kxf6 b1=Q 52. e5 Qb2 53.
Ke6 Qb3+ 54. Ke7 Qxh3 1/2-1/2

[Event "World Women-ch k.o."]
[Site "Nalchik"]
[Date "2008.08.30"]
[Round "1.2"]
[White "Moser, Eva"]
[Black "Mkrtchian, Lilit"]
[Result "1/2-1/2"]
[WhiteElo "2383"]
[BlackElo "2436"]
[PlyCount "88"]
[EventDate "2008.08.29"]
[EventType "k.o."]
[EventRounds "6"]
[EventCountry "RUS"]
[SourceTitle "CBM 126 Extra"]
[Source "ChessBase"]
[SourceDate "2008.11.05"]
[SourceVersion "1"]
[SourceVersionDate "2008.11.05"]
[SourceQuality "1"]

1. d4 Nf6 2. Nf3 d5 3. c4 dxc4 4. e3 e6 5. Bxc4 c5 6. O-O a6 7. a4 Nc6 8. Qe2
cxd4 9. Rd1 Be7 10. exd4 O-O 11. Nc3 Nb4 12. Ne5 Bd7 13. Be3 Nfd5 14. Ne4 Be8
15. Bb3 Rc8 16. Rac1 Rxc1 17. Rxc1 Bc6 18. Nc5 a5 19. Qg4 Nf6 20. Qe2 Nfd5 21.
Qg4 Nf6 22. Qe2 Qd6 23. h3 Nfd5 24. Ne4 Qb8 25. Nc3 Nxe3 26. Qxe3 Qd6 27. Ne4
Qd8 28. Nc3 Bg5 29. f4 Bf6 30. Rd1 Nd5 31. Nxd5 Bxd5 32. Bxd5 Qxd5 33. Rc1 Qd6
34. Rc5 Bd8 35. Qe4 g6 36. Kh1 Qe7 37. Rb5 b6 38. Rb3 Bc7 39. Rc3 Bd6 40. Rc6
Qd8 41. Rc4 Qh4 42. Rc6 Qd8 43. Rc4 Qh4 44. Rc6 Qd8 1/2-1/2

[Event "Chambery 1st"]
[Site "Chambery"]
[Date "2008.08.10"]
[Round "9"]
[White "Moser, Eva"]
[Black "Calzetta Ruiz, Monica"]
[Result "0-1"]
[WhiteElo "2383"]
[BlackElo "2264"]
[PlyCount "164"]
[EventDate "2008.08.02"]
[EventType "tourn"]
[EventRounds "9"]
[EventCountry "FRA"]
[EventCategory "9"]
[SourceTitle "CBM 125 Extra"]
[Source "ChessBase"]
[SourceDate "2008.09.01"]
[SourceVersion "1"]
[SourceVersionDate "2008.09.01"]
[SourceQuality "1"]

1. Nf3 Nf6 2. g3 c5 3. Bg2 g6 4. d4 cxd4 5. Nxd4 Bg7 6. Nb3 O-O 7. Nc3 Nc6 8.
O-O d6 9. Re1 Be6 10. e4 Qd7 11. Ne2 Bg4 12. c3 Ne5 13. Nbd4 Rac8 14. Qc2 Bh3
15. Bh1 Qc7 16. Bg5 Bd7 17. Rad1 Rfe8 18. Bg2 Qa5 19. Nb3 Nf3+ 20. Bxf3 Qxg5
21. Ned4 Bg4 22. Bxg4 Nxg4 23. Qe2 h5 24. Nf3 Qf6 25. Nbd4 a6 26. Nc2 Qe6 27.
Nb4 Qc4 28. Qxc4 Rxc4 29. h3 Ne5 30. Nxe5 Bxe5 31. Kg2 Kf8 32. f4 Bg7 33. Kf2
a5 34. Nd5 Rc6 35. a4 e6 36. Ne3 Rec8 37. Re2 Rb6 38. Red2 Ke7 39. h4 Rc7 40.
Ke2 Rcc6 41. Kd3 f5 42. Re2 fxe4+ 43. Kxe4 Kf7 44. Kd3 d5 45. Rde1 Rb3 46. Nd1
d4 47. Rc2 dxc3 48. Nxc3 Rd6+ 49. Ke2 Rb4 50. Rd1 Rxd1 51. Nxd1 Bd4 52. Kd3 e5
53. Nc3 Bxc3 54. bxc3 Rxa4 55. fxe5 Ke6 56. Re2 Rg4 57. Re3 b5 58. Kc2 a4 59.
Kb2 Rc4 60. Ka3 Rg4 61. Ka2 g5 62. hxg5 Rxg5 63. Ka3 Rxe5 64. Rf3 Re4 65. Rf8
Rc4 66. Kb2 Rc5 67. Rf3 Rf5 68. Rd3 Ke5 69. Rd4 Kf6 70. g4 Rf2+ 71. Ka3 h4 72.
Rd5 Rf3 73. Kb2 Rf4 74. Rxb5 Rxg4 75. Rh5 Kg6 76. Rh8 Kf5 77. Rh5+ Kf4 78. c4
Kg3 79. Kc3 h3 80. c5 h2 81. c6 Rh4 82. Rg5+ Kf4 0-1

[Event "Chambery 1st"]
[Site "Chambery"]
[Date "2008.08.08"]
[Round "7"]
[White "Moser, Eva"]
[Black "Philippe, Christophe"]
[Result "1-0"]
[WhiteElo "2383"]
[BlackElo "2442"]
[PlyCount "203"]
[EventDate "2008.08.02"]
[EventType "tourn"]
[EventRounds "9"]
[EventCountry "FRA"]
[EventCategory "9"]
[SourceTitle "CBM 125 Extra"]
[Source "ChessBase"]
[SourceDate "2008.09.01"]
[SourceVersion "1"]
[SourceVersionDate "2008.09.01"]
[SourceQuality "1"]

1. e4 c5 2. Nf3 Nc6 3. c3 d5 4. exd5 Qxd5 5. d4 Nf6 6. Be3 cxd4 7. cxd4 e6 8.
Nc3 Qd6 9. a3 Be7 10. Bd3 b6 11. O-O O-O 12. Qe2 Bb7 13. Rad1 Rad8 14. Bb1 Rfe8
15. Rfe1 Qb8 16. Ng5 g6 17. Ba2 Qc7 18. Nxf7 Kxf7 19. Bh6 g5 20. Bxg5 Bc8 21.
d5 Na5 22. dxe6+ Kg7 23. Bxf6+ Bxf6 24. Nd5 Rxd5 25. Bxd5 Nb7 26. Qh5 Re7 27.
Be4 Kg8 28. Bd5 Nd6 29. Qg4+ Kh8 30. Qf4 Ne8 31. Qf5 Bg7 32. g3 Nf6 33. Bf3 Ba6
34. Re3 Qc8 35. h4 Qe8 36. Rd6 Qb8 37. Rd1 Qe8 38. h5 h6 39. Rd6 Qb8 40. Rd1
Qe8 41. Qg6 Qxg6 42. hxg6 Bf8 43. Rc1 Kg7 44. b4 Kxg6 45. a4 Bb7 46. Bxb7 Rxb7
47. Rc4 a5 48. bxa5 bxa5 49. Re5 Bb4 50. Kg2 Re7 51. g4 Ne8 52. f4 Ng7 53. Rd5
Kf6 54. f5 h5 55. gxh5 Nxh5 56. Kf3 Rg7 57. Rg4 Rxg4 58. Kxg4 Ng7 59. Rb5 Ne8
60. Rb7 Nd6 61. Rd7 Ba3 62. Rc7 Bb4 63. Ra7 Bc3 64. Rh7 Bd2 65. Rh8 Bb4 66.
Rh6+ Ke7 67. Rg6 Ne8 68. Kf3 Nd6 69. Kg4 Ne8 70. Kf4 Bd2+ 71. Ke4 Nd6+ 72. Kd3
Bb4 73. Kd4 Nxf5+ 74. Ke5 Ne3 75. Rg7+ Ke8 76. Rg8+ Ke7 77. Rg7+ Ke8 78. Rg8+
Bf8 79. Kd4 Nf5+ 80. Kc4 Ke7 81. Kb5 Bg7 82. Kxa5 Kxe6 83. Kb5 Bc3 84. a5 Nd6+
85. Ka4 Kd7 86. a6 Nc8 87. Rg2 Be5 88. Re2 Bd6 89. Kb5 Kc7 90. Rc2+ Kb8 91. Kc6
Be5 92. Re2 Na7+ 93. Kd7 Bf4 94. Re8+ Nc8 95. Rxc8+ Ka7 96. Kc6 Bg3 97. Kb5 Bf4
98. Re8 Bg5 99. Re5 Bf6 100. Rd5 Bh4 101. Rd7+ Ka8 102. a7 1-0

[Event "Chambery 1st"]
[Site "Chambery"]
[Date "2008.08.07"]
[Round "6"]
[White "Ivanov, Mikhail M"]
[Black "Moser, Eva"]
[Result "1-0"]
[WhiteElo "2489"]
[BlackElo "2383"]
[PlyCount "63"]
[EventDate "2008.08.02"]
[EventType "tourn"]
[EventRounds "9"]
[EventCountry "FRA"]
[EventCategory "9"]
[SourceTitle "CBM 125 Extra"]
[Source "ChessBase"]
[SourceDate "2008.09.01"]
[SourceVersion "1"]
[SourceVersionDate "2008.09.01"]
[SourceQuality "1"]

1. Nf3 e6 2. g3 b5 3. Bg2 Bb7 4. O-O Nf6 5. d3 Be7 6. e4 O-O 7. Nbd2 d6 8. Re1
Nbd7 9. d4 e5 10. c3 c5 11. dxe5 Nxe5 12. Qe2 Qb6 13. b3 Nxf3+ 14. Bxf3 Nd7 15.
Nf1 Bf6 16. Qc2 b4 17. Bd2 bxc3 18. Bxc3 Bxc3 19. Qxc3 Ne5 20. Bg2 Nc6 21. Ne3
Nd4 22. Nc4 Qc7 23. Rad1 Rac8 24. Ne3 Rfe8 25. Nc2 Nxc2 26. Qxc2 Rcd8 27. h4
Qa5 28. Re2 Re6 29. Red2 h6 30. h5 c4 31. Qxc4 Qxh5 32. Qc7 1-0

[Event "Chambery 1st"]
[Site "Chambery"]
[Date "2008.08.05"]
[Round "4"]
[White "Chernuschevich, Alexei"]
[Black "Moser, Eva"]
[Result "1-0"]
[WhiteElo "2522"]
[BlackElo "2383"]
[PlyCount "65"]
[EventDate "2008.08.02"]
[EventType "tourn"]
[EventRounds "9"]
[EventCountry "FRA"]
[EventCategory "9"]
[SourceTitle "CBM 125 Extra"]
[Source "ChessBase"]
[SourceDate "2008.09.01"]
[SourceVersion "1"]
[SourceVersionDate "2008.09.01"]
[SourceQuality "1"]

1. Nf3 Nf6 2. d4 g6 3. Bg5 Bg7 4. Nbd2 d5 5. e3 O-O 6. Bd3 c5 7. c3 Nc6 8. dxc5
Bg4 9. Be2 Qc8 10. O-O e5 11. Bxf6 Bxf6 12. e4 Rd8 13. exd5 Rxd5 14. Qc2 Rxc5
15. Ne4 Qf5 16. Qa4 Bxf3 17. Bxf3 Ra5 18. Qb3 Rb8 19. Rad1 Be7 20. Ng3 Qc8 21.
Bd5 Qf8 22. f4 exf4 23. Rxf4 Ne5 24. Rdf1 Bg5 25. Bxf7+ Kg7 26. Nh5+ gxh5 27.
Rf5 Be3+ 28. Kh1 Ng4 29. Rxa5 Qd6 30. Rxh5 Nf2+ 31. Rxf2 Bxf2 32. Qc2 Rf8 33.
Qxh7+ 1-0

[Event "Chambery 1st"]
[Site "Chambery"]
[Date "2008.08.04"]
[Round "3"]
[White "Moser, Eva"]
[Black "Brunner, Nicolas"]
[Result "1/2-1/2"]
[WhiteElo "2383"]
[BlackElo "2429"]
[PlyCount "76"]
[EventDate "2008.08.02"]
[EventType "tourn"]
[EventRounds "9"]
[EventCountry "FRA"]
[EventCategory "9"]
[SourceTitle "CBM 125 Extra"]
[Source "ChessBase"]
[SourceDate "2008.09.01"]
[SourceVersion "1"]
[SourceVersionDate "2008.09.01"]
[SourceQuality "1"]

1. e4 c5 2. c3 Nf6 3. e5 Nd5 4. d4 cxd4 5. Nf3 Nc6 6. Bc4 Nb6 7. Bb3 d6 8. exd6
Qxd6 9. O-O Be6 10. Na3 Bxb3 11. Qxb3 e6 12. Nb5 Qd7 13. Nxa7 Rxa7 14. Qxb6
dxc3 15. Be3 Bd6 16. Qb3 Ra8 17. Qxc3 O-O 18. Rfd1 Qc7 19. a3 Rfc8 20. Rac1 Qb8
21. Qd3 Be7 22. Qe4 Bf6 23. Bf4 Qa7 24. Ng5 g6 25. Rd7 Ne5 26. Rxb7 Rxc1+ 27.
Bxc1 Rd8 28. h3 Rd1+ 29. Kh2 Qxf2 30. Be3 Qe1 31. Rb8+ Kg7 32. Nxe6+ fxe6 33.
Rb7+ Nf7 34. Qxe6 Qh1+ 35. Kg3 Qe1+ 36. Kh2 Qh1+ 37. Kg3 Qe1+ 38. Kh2 Qh1+
1/2-1/2

[Event "Chambery 1st"]
[Site "Chambery"]
[Date "2008.08.03"]
[Round "2"]
[White "Olivier, Jean Christophe"]
[Black "Moser, Eva"]
[Result "1-0"]
[WhiteElo "2358"]
[BlackElo "2383"]
[PlyCount "101"]
[EventDate "2008.08.02"]
[EventType "tourn"]
[EventRounds "9"]
[EventCountry "FRA"]
[EventCategory "9"]
[SourceTitle "CBM 125 Extra"]
[Source "ChessBase"]
[SourceDate "2008.09.01"]
[SourceVersion "1"]
[SourceVersionDate "2008.09.01"]
[SourceQuality "1"]

1. e4 c5 2. Nf3 Nc6 3. d4 cxd4 4. Nxd4 e5 5. Nb5 d6 6. N1c3 a6 7. Na3 b5 8. Nd5
Be7 9. Be3 Rb8 10. c4 b4 11. Nc2 Nf6 12. f3 O-O 13. b3 a5 14. Qd2 Nxd5 15. cxd5
Nd4 16. Nxd4 exd4 17. Bxd4 f5 18. Bd3 Bh4+ 19. g3 Bf6 20. Qb2 fxe4 21. Bxe4 Qb6
22. Rd1 Bxd4 23. Qxd4 Qxd4 24. Rxd4 Ba6 25. Kd2 Rbc8 26. Ra1 Rc5 27. a3 bxa3
28. Rxa3 Bb7 29. Raa4 Rfc8 30. Rac4 Ba6 31. Rxc5 Rxc5 32. b4 axb4 33. Rxb4 Rb5
34. Ra4 Bb7 35. Rd4 Kf8 36. Bxh7 Bxd5 37. Bd3 Ra5 38. Ke3 g5 39. h4 gxh4 40.
Rxh4 Bf7 41. Rd4 Ke7 42. g4 Be6 43. Kf4 d5 44. Bf5 Bg8 45. Rb4 Kd6 46. Rb6+ Kc5
47. Rb8 Bf7 48. Rf8 Ra7 49. Ke5 d4 50. Rc8+ Kb6 51. Kxd4 1-0

[Event "Chambery 1st"]
[Site "Chambery"]
[Date "2008.08.02"]
[Round "1"]
[White "Horvath, Jozsef"]
[Black "Moser, Eva"]
[Result "1-0"]
[WhiteElo "2551"]
[BlackElo "2383"]
[PlyCount "57"]
[EventDate "2008.08.02"]
[EventType "tourn"]
[EventRounds "9"]
[EventCountry "FRA"]
[EventCategory "9"]
[SourceTitle "CBM 125 Extra"]
[Source "ChessBase"]
[SourceDate "2008.09.01"]
[SourceVersion "1"]
[SourceVersionDate "2008.09.01"]
[SourceQuality "1"]

1. c4 f5 2. d4 Nf6 3. g3 e6 4. Bg2 d5 5. Nh3 c6 6. Qc2 Bd6 7. O-O O-O 8. Nc3
dxc4 9. e4 Bb4 10. exf5 Qxd4 11. Nf4 exf5 12. Nce2 Qd6 13. a3 Bc5 14. Qxc4+ Kh8
15. b4 Bb6 16. Bb2 Na6 17. Rad1 Qe7 18. Nd4 Qf7 19. Qc2 Ne4 20. h4 Nc7 21. h5
Kg8 22. h6 g5 23. Nd3 Nd5 24. Ne5 Qf6 25. Ndxc6 bxc6 26. Nxc6 Qxh6 27. Rxd5 Be6
28. Ne7+ Kf7 29. Nxf5 1-0

[Event "Rhein Main op 11th"]
[Site "Bad Homburg"]
[Date "2008.05.25"]
[Round "7"]
[White "Isserman, Ryhor"]
[Black "Moser, Eva"]
[Result "0-1"]
[WhiteElo "2273"]
[BlackElo "2395"]
[PlyCount "112"]
[EventDate "2008.05.21"]
[EventType "swiss"]
[EventRounds "7"]
[EventCountry "GER"]
[SourceTitle "CBM 124 Extra"]
[Source "ChessBase"]
[SourceDate "2008.07.03"]
[SourceVersion "1"]
[SourceVersionDate "2008.07.03"]
[SourceQuality "1"]

1. e4 d6 2. Nc3 e5 3. Nf3 Nf6 4. d4 Nbd7 5. Bc4 Be7 6. O-O O-O 7. a4 c6 8. Re1
Qc7 9. Ba2 b6 10. Nh4 exd4 11. Nf5 dxc3 12. Nxe7+ Kh8 13. Nf5 d5 14. exd5 cxd5
15. Qd4 Qc5 16. Qf4 Nh5 17. Qf3 Ndf6 18. b4 Qxb4 19. Bxd5 Nxd5 20. Qxd5 Be6 21.
Qe5 Qc5 22. Qxc5 bxc5 23. Ne3 Nf6 24. Ba3 Rac8 25. Rad1 Ne4 26. Rd3 Rfd8 27.
Nd1 Bf5 28. Rde3 h6 29. Nxc3 Nd2 30. Nb5 Nc4 31. Rc3 Nxa3 32. Nxa3 Rd4 33. a5
Ra4 34. Re7 Rxa5 35. Rxf7 Be6 36. Re7 Rc6 37. f3 c4 38. Kf2 Kg8 39. Nb1 Kf8 40.
Rb7 Rb6 41. Rxb6 axb6 42. Ra3 Rd5 43. Ke2 b5 44. Ra8+ Ke7 45. Ra7+ Rd7 46.
Rxd7+ Kxd7 47. Ke3 b4 48. Nd2 c3 49. Ne4 Kc6 50. Kd4 Bb3 51. Kd3 Ba4 52. Ng3
Kc5 53. Nf5 Be8 54. Nd4 Bg6+ 55. Ke3 Kc4 56. f4 Bxc2 0-1

[Event "Rhein Main op 11th"]
[Site "Bad Homburg"]
[Date "2008.05.24"]
[Round "6"]
[White "Moser, Eva"]
[Black "Gruettner, Ralf"]
[Result "1-0"]
[WhiteElo "2395"]
[BlackElo "2098"]
[PlyCount "105"]
[EventDate "2008.05.21"]
[EventType "swiss"]
[EventRounds "7"]
[EventCountry "GER"]
[SourceTitle "CBM 124 Extra"]
[Source "ChessBase"]
[SourceDate "2008.07.03"]
[SourceVersion "1"]
[SourceVersionDate "2008.07.03"]
[SourceQuality "1"]

1. g3 g6 2. Bg2 Bg7 3. d4 Nf6 4. e4 d6 5. Ne2 O-O 6. h3 e5 7. Nbc3 Nc6 8. Be3
exd4 9. Nxd4 Nxd4 10. Bxd4 Re8 11. O-O Bd7 12. Re1 c6 13. a4 Be6 14. Qd2 d5 15.
exd5 Nxd5 16. Bxg7 Kxg7 17. Nxd5 cxd5 18. Rad1 Qf6 19. c3 Red8 20. Qe3 b6 21.
Rd4 Rac8 22. Rf4 Qe7 23. Qe5+ Kg8 24. Bxd5 Rc5 25. Rxf7 Qxf7 26. Bxe6 Rxe5 27.
Bxf7+ Kxf7 28. Rxe5 Rd2 29. Rb5 h6 30. Kg2 Rc2 31. a5 bxa5 32. Rxa5 Rxb2 33.
Rxa7+ Kf6 34. Ra6+ Kf7 35. Rd6 Rc2 36. Rd3 Ke6 37. h4 h5 38. Kf3 Ke5 39. Ke3
Ke6 40. f4 Rg2 41. Kd4 Kd6 42. Ke4+ Ke6 43. c4 Rc2 44. Kd4 Kd6 45. Ra3 Rd2+ 46.
Ke3 Rb2 47. Ra6+ Kc5 48. Rxg6 Kxc4 49. Ke4 Re2+ 50. Kf5 Rg2 51. Rg5 Kd5 52.
Kg6+ Ke6 53. Kxh5 1-0

[Event "Rhein Main op 11th"]
[Site "Bad Homburg"]
[Date "2008.05.24"]
[Round "5"]
[White "Schnitzspan, Lothar"]
[Black "Moser, Eva"]
[Result "1-0"]
[WhiteElo "2287"]
[BlackElo "2395"]
[PlyCount "81"]
[EventDate "2008.05.21"]
[EventType "swiss"]
[EventRounds "7"]
[EventCountry "GER"]
[SourceTitle "CBM 124 Extra"]
[Source "ChessBase"]
[SourceDate "2008.07.03"]
[SourceVersion "1"]
[SourceVersionDate "2008.07.03"]
[SourceQuality "1"]

1. Nf3 e6 2. g3 b5 3. Bg2 Bb7 4. a4 b4 5. c3 a5 6. O-O Nf6 7. d4 d5 8. Nbd2
Nbd7 9. Re1 Be7 10. c4 O-O 11. e4 Nxe4 12. Nxe4 dxe4 13. Nd2 f5 14. f3 Nf6 15.
Nb3 exf3 16. Bxf3 Bxf3 17. Qxf3 Ne4 18. Bf4 Kh8 19. Rad1 Bf6 20. d5 e5 21. Be3
Qd7 22. Nc5 Nxc5 23. Bxc5 Rf7 24. b3 Re8 25. Kh1 e4 26. Qf2 Bc3 27. Re2 Qd8 28.
d6 Be5 29. Rxe4 cxd6 30. Bb6 Qc8 31. Re2 f4 32. gxf4 Rxf4 33. Qg2 Rh4 34. Bg1
Qf5 35. Rxd6 Qf4 36. Qc6 Rf8 37. Re6 Rh5 38. Rf2 Qxf2 39. Bxf2 Rxh2+ 40. Kg1
Rhxf2 41. Rxe5 1-0

[Event "Rhein Main op 11th"]
[Site "Bad Homburg"]
[Date "2008.05.23"]
[Round "4"]
[White "Moser, Eva"]
[Black "Schmid, Roland"]
[Result "1-0"]
[WhiteElo "2395"]
[BlackElo "2091"]
[PlyCount "83"]
[EventDate "2008.05.21"]
[EventType "swiss"]
[EventRounds "7"]
[EventCountry "GER"]
[SourceTitle "CBM 124 Extra"]
[Source "ChessBase"]
[SourceDate "2008.07.03"]
[SourceVersion "1"]
[SourceVersionDate "2008.07.03"]
[SourceQuality "1"]

1. g3 c5 2. Bg2 Nc6 3. Nf3 g6 4. d4 cxd4 5. Nxd4 Bg7 6. Nb3 Nf6 7. Nc3 O-O 8.
O-O d6 9. e4 Bd7 10. h3 a5 11. a4 Rc8 12. Kh2 Ne8 13. Nd5 Nb4 14. c3 Nxd5 15.
exd5 Qc7 16. Be3 e5 17. dxe6 fxe6 18. Nd4 d5 19. Nb5 Qd8 20. Qe2 Bxb5 21. axb5
b6 22. Rad1 Qc7 23. Bd4 Qd6 24. f4 Bxd4 25. Rxd4 Ng7 26. Re1 Rce8 27. Rd2 Nf5
28. Qd3 Kg7 29. Rde2 Re7 30. Re5 h5 31. h4 Rfe8 32. Bh3 Qc5 33. Qe2 Kf6 34. Rg1
Nd6 35. g4 Ne4 36. gxh5 Rg7 37. hxg6 Qd6 38. h5 Rgg8 39. Qe1 Kg7 40. h6+ Kh8
41. g7+ Kh7 42. Rxe4 1-0